000
00282nam a22001337a 4500
008
181012b xxu||||| |||| 00| 0 eng d
020
_a
0312535902
041
_a
eng
080
_a
371
100
_a
46
101
_a
EDU
245
_a
Models for Writers
_c
Rosa,A
942
_2
udc
_c
BK
999
_c
49574
_d
49574